Contemporary issues in curriculum / (Record no. 3745)
[ view plain ]
| 000 -LEADER | |
|---|---|
| fixed length control field | 00812nam a22002412 4500 |
| 001 - CONTROL NUMBER | |
| control field | 0000018447 |
| 005 - DATE AND TIME OF LATEST TRANSACTION | |
| control field | 20151217145903.0 |
| 008 - FIXED-LENGTH DATA ELEMENTS--GENERAL INFORMATION | |
| fixed length control field | 091029s xx 000 0 eng d |
| 020 ## - INTERNATIONAL STANDARD BOOK NUMBER | |
| International Standard Book Number | 0205676677 : |
| 040 ## - CATALOGING SOURCE | |
| Original cataloging agency | KABU |
| Transcribing agency | KABU |
| 245 10 - TITLE STATEMENT | |
| Title | Contemporary issues in curriculum / |
| Statement of responsibility, etc. | [edited by] Allan C. Ornstein, Edward F. Pajak, Stacey B. Ornstein. |
| 250 ## - EDITION STATEMENT | |
| Edition statement | 4th ed. |
| 260 ## - PUBLICATION, DISTRIBUTION, ETC. (IMPRINT) | |
| Place of publication, distribution, etc. | Boston : |
| Name of publisher, distributor, etc. | Pearson, |
| Date of publication, distribution, etc. | 2009. |
| 300 ## - PHYSICAL DESCRIPTION | |
| Extent | ix, 470 p. |
| 650 #0 - SUBJECT ADDED ENTRY--TOPICAL TERM | |
| Topical term or geographic name as entry element | Curriculum planning |
| Geographic subdivision | United States. |
| -- | 0000160469 |
| 650 #0 - SUBJECT ADDED ENTRY--TOPICAL TERM | |
| Topical term or geographic name as entry element | Education |
| General subdivision | Curriculum. |
| Geographic subdivision | United States. |
| -- | 0000177713 |
| 700 1# - ADDED ENTRY--PERSONAL NAME | |
| Personal name | Pajak, Edward F. |
| -- | 0000177714 |
| 700 1# - ADDED ENTRY--PERSONAL NAME | |
| Personal name | Ornstein, Stacy B. |
| -- | 0000177715 |
| 700 1# - ADDED ENTRY--PERSONAL NAME | |
| Personal name | Ornstein, Allan C. |
| -- | 0000153527 |
| 852 1# - LOCATION | |
| -- | p2750 KES |
| 908 ## - PUT COMMAND PARAMETER (RLIN) | |
| Put command parameter | 091029 |
| 950 ## - LOCAL HOLDINGS (RLIN) | |
| -- | 1 |
| Withdrawn status | Lost status | Source of classification or shelving scheme | Not for loan | Home library | Current library | Date acquired | Total Checkouts | Full call number | Barcode | Date last seen | Date last checked out | Price effective from | Koha item type |
|---|---|---|---|---|---|---|---|---|---|---|---|---|---|
| Library of Congress Classification | Kabarak, Main Campus | Kabarak, Main Campus | 17/12/2015 | 2 | LB1570 .C66 2009 c. 1 | 18263 | 23/09/2017 | 16/09/2017 | 17/12/2015 | General Collection |